000 00394nam a2200121Ia 4500
008 220216s9999 xx 000 0 und d
100 _aSaraswathyamma C.K.
245 4 _aThe concept of an ideal rubber tree
260 _bInternational Natural Rubber Conference, 5-8 February 1992, Bangalore, India, Souvenir, pp. 25-26.
_c1992
650 _aBreeding
650 _aCrop improvement
942 _cBS
999 _c52882
_d52882